Where the mountain meets the moon / (Record no. 2668)

MARC details
000 -LEADER
fixed length control field 01095cam a2200313 a 4500
001 - CONTROL NUMBER
control field 2668
003 - CONTROL NUMBER IDENTIFIER
control field FISKH
005 - DATE AND TIME OF LATEST TRANSACTION
control field 20250716144429.0
008 - FIXED-LENGTH DATA ELEMENTS--GENERAL INFORMATION
fixed length control field 080822s2009 nyua c b 000 1 eng
010 ## - LIBRARY OF CONGRESS CONTROL NUMBER
LC control number 2008032818
020 ## - INTERNATIONAL STANDARD BOOK NUMBER
International Standard Book Number 9780316114271
020 ## - INTERNATIONAL STANDARD BOOK NUMBER
International Standard Book Number 9780316038638
040 ## - CATALOGING SOURCE
Original cataloging agency DLC
Transcribing agency DLC
Modifying agency DLC
Language of cataloging eng
042 ## - AUTHENTICATION CODE
Authentication code lcac
050 00 - LIBRARY OF CONGRESS CALL NUMBER
Classification number PZ8.L6215
Item number Whe 2009
082 00 - DEWEY DECIMAL CLASSIFICATION NUMBER
Classification number [Fic]
Edition number 22
100 1# - MAIN ENTRY--PERSONAL NAME
Personal name Lin, Grace.
245 10 - TITLE STATEMENT
Title Where the mountain meets the moon /
Statement of responsibility, etc. Grace Lin.
250 ## - EDITION STATEMENT
Edition statement This edition published in 2016
260 ## - PUBLICATION, DISTRIBUTION, ETC.
Place of publication, distribution, etc. New York :
Name of publisher, distributor, etc. Little Brown,
Date of publication, distribution, etc. 2009
300 ## - PHYSICAL DESCRIPTION
Extent 278 pages :
Other physical details color illustrations
Dimensions 20 cm.
520 ## - SUMMARY, ETC.
Summary, etc. Minli, an adventurous girl from a poor village, buys a magical goldfish, and then joins a dragon who cannot fly on a quest to find the Old Man of the Moon in hopes of bringing life to Fruitless Mountain and freshness to Jade River.
586 ## - AWARDS NOTE
Awards note Newbery Medal Honor Book, 2010.
650 #1 - SUBJECT ADDED ENTRY--TOPICAL TERM
Topical term or geographic name entry element Fairy tales.
650 #1 - SUBJECT ADDED ENTRY--TOPICAL TERM
Topical term or geographic name entry element Dragons
Form subdivision Fiction.
650 #1 - SUBJECT ADDED ENTRY--TOPICAL TERM
Topical term or geographic name entry element Moon
Form subdivision Fiction.
906 ## - LOCAL DATA ELEMENT F, LDF (RLIN)
a 7
b cbc
c orignew
d 1
e ecip
f 20
g y-gencatlg
942 ## - ADDED ENTRY ELEMENTS (KOHA)
Source of classification or shelving scheme Dewey Decimal Classification
Koha item type Books
Suppress in OPAC No
Holdings
Withdrawn status Lost status Source of classification or shelving scheme Damaged status Not for loan Collection Home library Current library Shelving location Date acquired Total Checkouts Full call number Barcode Date last seen Copy number Price effective from Koha item type Date last checked out
    Dewey Decimal Classification     Fiction Footprints International School Library Network Toul Kork Campus Footprints International School Library Network Toul Kork Campus A TK Campus, 4th Floor, Room B401, Fiction Bookcases (1-6) 01/09/2024   LIN Fic PZ8.L6215 FISSE01577 01/09/2024 1 01/09/2024 Books  
    Dewey Decimal Classification     Fiction Footprints International School Library Network Toul Tom Poung Campus Footprints International School Library Network Toul Tom Poung Campus TTP Secondary Fiction Bookshelves 07/16/2025 1 LIN Fic PZ8.L6215 2025-1866 11/11/2025 2 07/16/2025 Books 10/28/2025